Представление документа в формате RUSMARC

ПолеНазваниеЗначение
  Тип записи a
  Библиографический уровень m
001 Контрольный номер RU/УГОНБ/EK/54163
005 Дата корректировки 20260327131238.2
010 Индекс ISBN __
a ISBN 5-03-001459-4
d Цена 10 р.
9 Тираж 3500 экз.
b Уточнения в пер.
100 Данные общей обработки __
a Данные общей обработки 19920220d1991 u u0rusy0189 ca
101 Язык документа 1_
a Язык текста rus
c Язык оригинала eng
102 Страна публикации __
a Страна публикации RU
105 Кодированные данные (монография) __
a Кодированные данные (монография) a z 001yy
200 Заглавие и сведения об ответственности 1_
a Заглавие Современные приборы на основе арсенида галлия
e Сведения, относящиеся к заглавию перевод с английского
g Последующие сведения об ответственности редактор М. Е. Левинштейн
f Первые сведения об ответственности М. С. Шур
203 Вид содержания и тип средства __
a Вид содержания Текст
b Характеристика содержания визуальный
c Тип средства непосредственный
210 Выходные данные 1_
a Место издания Москва
c Издательство Мир
d Дата издания 1991
215 Физическое описание __
a Объем 632 с.
c Иллюстрации/тип воспроизводства ил.
d Формат 25 см
320 Библиография __
a Библиография Библиогр.: с. 628-629
606 Тематические рубрики 0_
a Основная рубрика Полупроводниковые приборы
606 Тематические рубрики 0_
a Основная рубрика Галлий, арсенид
x Основная подрубрика Полупроводниковые свойства
610 Ключевые слова 0_
a Ключевые слова галлий арсенид; полупроводниковые приборы
686 Индексы других классификаций __
a Классификационный индекс 32.852
2 Код системы rubbk
700 Автор _1
a Фамилия Шур
b Имя (инициалы) М. С.
g Полное личное имя Михаил Саулович
702 Вторичная интеллектуальная ответственность _1
a Фамилия Левинштейн
b Имя (инициалы) М. Е.
4 Код отношения 340
801 Источник записи _0
a Страна RU
b Организация Ульяновская ОНБ
c Дата составления 19920220
g Правила каталогизации RCR
801 Источник записи _1
a Страна RU
b Организация Ульяновская ОНБ
c Дата составления 19920220
g Правила каталогизации RCR
901 Тип документа __
t Тип документа m
910 Корректоры записи __
a Корректор записи Горбункова
b Дата внесения изменения в запись 20260327